000 01936cam a2200469 a 4500
005 20200104041547.0
008 950814s1996 dcu rb 001 0 eng
020 _a1559634251 (cloth : acidfree paper)
020 _a155963426X (pbk. : acidfree paper)
040 _aDLC
_cDLC
_dDLC
_dCO-BOIAvH
041 _aeng
082 0 0 _a346.048
_bV21v
245 0 0 _aValuing local knowledge :
_bindigenous people and intellectual property rights /
_ceditado por Stephen B. Brush y Doreen Stabinsky.
260 _aWashington, D.C. :
_bIsland Press,
_cc1996.
300 _a337 p. ;
_c24 cm.
500 _aMaterial disponible en fotocopia, solo para consulat en sala.
504 _aIncluye referencias bibliográficas e índice.
505 _aPart I. Equity and indigenous rights Part II. Conservation, knowledge, property Part III. Policy options and alternatives
590 _adisponible en fotocopia solo consulta en sala
650 0 _aHuman ecology
_xPhilosophy.
_933519
650 0 _aEthnoscience.
_933520
650 0 _aIndigenous peoples
_xEconomic conditions.
_933521
650 0 _aBiodiversity.
_933522
650 0 _aConservation of natural resources.
_934
650 0 _aSustainable development.
_933524
650 0 _aEnvironmental policy
_xEconomic aspects.
_933525
650 0 _aPueblos indigenas
_xaspectos económicos
_933526
650 0 _aEcología humana
_933527
650 0 _aConocimiento tradicional
_992244
650 0 _aDerechos de propiedad intelectual
_vpueblos indígenas
_933529
700 1 _aBrush, Stephen B.,
_d1943-
_eeditor
_933530
700 1 _aStabinsky, Doreen.
_eeditora
_921596
700 1 _aGreaves, Thomas
_933531
700 1 _aDove, Michael
_933532
700 1 _aZerner, Charles
_933533
700 1 _aGudeman, Stephen
_933534
700 1 _aVarese, Stefano
_933535
700 1 _aRichards, Paul
_933536
700 1 _aMeilleur, Brien
_933537
700 1 _aPatel, Surendra
_933538
942 _2ddc
_cLIBRO
_01
999 _c4189
_d4189